| 000 | 00000nam 2200000za 4500 |
| 001 | 9.643727 |
| 003 | CaOODSP |
| 005 | 20240821085803 |
| 007 | cr ||||||||||| |
| 008 | 150407s1986 onc o f000 0 fre d |
| 040 | |aCaOODSP|bfre |
| 043 | |an-cn--- |
| 086 | 1 |aCP32-52/1986F-PDF |
| 110 | 1 |aCanada. |bCommission d'enquête sur les criminels de guerre. |
| 245 | 10|aRapport. |n1re partie, |ppublique |h[ressource électronique] / |cL'honorable Jules Deschênes, commissaire. |
| 246 | 15|aConstatations et recommandations |
| 246 | 34|aCommission d'enquête sur les criminels de guerre, rapport |
| 260 | |aOttawa : |bLa commission, |c1986. |
| 300 | |axi, 1004 p. |
| 500 | |a« 30 décembre 1986. » |
| 500 | |aPublication numérisée en 2012 par le Bureau du Conseil privé du Canada. |
| 500 | |a« Vu la nature de cette enquête, mon Rapport se divise en deux Parties: la Partie I, qui a été conçue pour publication; la Partie II, qui est destinée à demeurer confidentielle. »--Lettre de présentation, p.iii. |
| 500 | |aComprend : « Constatations et recommandations » [Partie II, Chapitre 1] 14p. |
| 504 | |aComprend des références bibliographiques (pages 989-1004). |
| 590 | |a15-04-Supp|b2015-03-19 |
| 691 | 07|aCommission d'enquête|2gcpds |
| 691 | 07|aCrime de guerre|2gcpds |
| 691 | 07|aGuerre mondiale, 1939-1945|2gcpds |
| 775 | 08|tReport. |w(CaOODSP)9.699749 |
| 856 | 40|qPDF|s9.59 Mo|uhttps://publications.gc.ca/collections/collection_2014/bcp-pco/CP32-52-1986-1-fra.pdf |
| 856 | 40|ahttp://publications.gc.ca|qPDF|s9.82 Mo|uhttps://publications.gc.ca/collections/collection_2014/bcp-pco/CP32-52-1986-2-fra.pdf |
| 856 | 40|ahttp://publications.gc.ca|qPDF|s8.70 Mo|uhttps://publications.gc.ca/collections/collection_2014/bcp-pco/CP32-52-1986-3-fra.pdf |
| 856 | 40|ahttp://publications.gc.ca|qPDF|s7.34 Mo|uhttps://publications.gc.ca/collections/collection_2014/bcp-pco/CP32-52-1986-4-fra.pdf |
| 856 | 40|ahttp://publications.gc.ca|qPDF|s464 Ko|uhttps://publications.gc.ca/collections/collection_2014/bcp-pco/CP32-52-1986-5-fra.pdf |